[Event "RUS-ch51"]
[Site "St Petersburg"]
[Date "1998.08.07"]
[Round "11"]
[White "Voitsekhovsky, Stanislav"]
[Black "Galkin, Alexander"]
[Result "1-0"]
[WhiteElo "2545"]
[BlackElo "2540"]
[Annotator "Tsesarsky,I"]
[PlyCount "69"]
[EventDate "1998.07.28"]
[EventType "swiss"]
[EventRounds "11"]
[EventCountry "RUS"]
[SourceTitle "CBM 067"]
[Source "ChessBase"]
[SourceDate "1998.11.30"]
[SourceVersion "2"]
[SourceVersionDate "1998.11.01"]
[SourceQuality "1"]

{[%mdl 8724]} 1. e4 (1. c4 Nf6 2. Nc3 e6 3. d4 Bb4 4. e3 c5 5. Bd3 O-O 6. Nf3
d5 7. O-O cxd4 8. exd4 dxc4 9. Bxc4 b6 10. Re1 Bb7 11. Bd3 Nc6 12. a3 Be7 13.
Bc2 (13. Bg5 Rc8 14. Bc2 Re8 15. Qd3 g6) (13. Bb1 $6 Rc8 14. Qd3 Re8 15. d5 $2
exd5 16. Bg5 g6 17. Rxe7 Qxe7 18. Nxd5 Qe1+) 13... Re8 (13... Ba6 $5) (13...
Rc8 14. Qd3 g6 15. Bh6 Re8 16. Rad1 $14) 14. Qd3 {Makarichev-Velikov-see later
d4-d5! White's move!} g6 (14... Rc8 $4 15. d5 $18 {1/2-1/2 Portisch,L-Karpov,A/
Milano 1pl 1975 (40)}) 15. Bf4 (15. h4 $5 Qd6 (15... Rc8 16. Bg5 Nd5 17. Rad1
Bxg5 18. Nxg5 Nxc3 19. bxc3 {Georgadze,T-Makarichev (Vilnius 1980)} Ne7 $1 $132
) (15... Qc7 $5) 16. Bg5 Rad8 17. Rad1 $132 {1-0 Yusupov,A-Lobron,E/Nußloch sp
1996 (27)}) (15. Bh6 Rc8 16. Rad1 Bf8 17. Bg5 Be7 18. Ba4 $14 {Tarjan-Browne 
(USA 1977)}) 15... Rc8 16. Rad1 Na5 17. Ne5 Nd5 18. Bd2 Nxc3 19. Bxc3 Bd5 20.
Ba4 Rf8 21. Nd7 Re8 22. Ne5 Rf8 23. Nd7 Re8 24. Ne5 {1/2-1/2 Mecking,
H-Polugaevsky,L/Lucerne cm qf 1977}) 1... c6 2. d4 (2. c4 d5 3. cxd5 cxd5 4.
exd5 Nf6 5. Nc3 Nxd5 6. Nf3 Nc6 7. d4 a6 $5 (7... g6 8. Qb3 e6 9. Bg5 Qa5 10.
Bc4 Nxc3 11. Bd2 Qb4 12. bxc3 Qxb3 13. axb3 $11 {Gerhold-Ploner,F/OST-BL 89/90/
1990/0.5 (21)}) (7... Bf5 8. Bb5 e6 9. Ne5 Rc8 10. Qh5 Qf6 $4 (10... g6 11. Qd1
Ndb4 12. Ba4 Bg7 13. O-O O-O 14. Nxc6 bxc6 (14... Nxc6 15. g4 $16) 15. a3 Nd5
16. Nxd5 (16. g4 Nxc3 17. bxc3 Be4 18. Re1 Bd5 19. Bf4 c5 $15) 16... Qxd5 17.
Be3 $11) 11. Bg5 $18 {Kuzmin,A-Lazic,Ma/Budapest Spring-op/1989/1-0 (13)}) (
7... Bg4 8. Qb3 Bxf3 (8... Nxc3 9. Bc4 e6 10. bxc3 Bxf3 11. gxf3 Qd7 $11) 9.
gxf3 e6 (9... Nb6 10. d5 (10. Be3 e6 $132 {Jansa,V-Kraut,R/BRD/1988/1-0 (32)})
10... Nd4 11. Qd1 e5 12. dxe6 Qf6 $1 $44 (12... fxe6 13. Be3 $14 {Hermlin,
A-Pishkin/corr/1976/0-1 (28)})) 10. Qxb7 Nxd4 11. Bb5+ Nxb5 12. Qc6+ Ke7 13.
Qxb5 Qd7 $11) 8. Bc4 Be6 9. Bb3 (9. Be2 g6 10. Ng5 Bf5 (10... Bg7 11. Nxe6 fxe6
12. O-O (12. Be3 Qb6 13. O-O Nxd4 14. Bg4 Nxe3 15. fxe3 Nf5 16. Qa4+ Kf7 17.
Qb3 Qxb3 18. axb3 Bf6 $17) 12... Nxd4 13. Bg4 $44) 11. O-O Bg7 $11) 9... Nxc3
10. bxc3 Bxb3 11. axb3 e6 12. O-O Be7 13. Qe2 O-O $11 {Winants,L-Speelman,J/
Antwerpen (08)/1993/0.5 (38)}) 2... d5 3. exd5 cxd5 4. c4 Nf6 5. Nc3 e6 6. Nf3
Be7 7. cxd5 Nxd5 8. Bd3 Nc6 9. O-O O-O 10. Re1 Nf6 11. a3 b6 12. Bc2 (12. Bg5
Bb7 13. Bc2 $5) 12... Ba6 (12... Bb7 13. Qd3 g6 $132 {See previous comment (to
the first move)} (13... Rc8 $4 $18 14. d5 exd5 15. Bg5 Ne4 (15... g6 16. Rxe7
Qxe7 17. Nxd5 Nxd5 18. Bxe7 Ncxe7 19. Bb3 $18 {1/2-1/2 Ladner,K-Bojkovic,N/
WchJW Adelaide 1988/EXT 88ch (41)}) 16. Nxe4 dxe4 (16... f5 $5 17. Bxe7 fxe4
18. Rxe4 Nxe7 19. Rxe7 $1 $18) 17. Qxe4 g6 18. Bh6 (18. Bxe7 Nxe7 19. Qxe7 Bxf3
20. Bb3 Bd5 21. Bxd5 Qxd5 22. Qxa7 $16) 18... Re8 19. Rad1 Qc7 20. Bb3 $18 {
1-0 Schmidt,W-Imanaliev,T/Moscow olm POL-KGZ 1994/EXP 44 (21)}) (13... Qd6 $4
$146 14. d5 $1 $18 {1-0 Seres,L-Acs,P/Budapest 1996/CBM 57/[Tsesarsky] (21)}))
13. Bg5 (13. Qd2 $1 Qd6 $1 14. Rd1 (14. b4 Bb7 15. Qd3 Rad8 $132) 14... Rfd8
$132 {1/2-1/2 Ivanov,V-Vasiliev,V/USSR 1991/Inf 52/[Ivanov,V.L] (40)}) (13. Bf4
Rc8 14. Rc1 Bc4 15. Bg3 g6 $132 {1/2-1/2 Timman,J-Karpov,A/Hoogovens, Wijk aan
Zee NED 1998 (27)}) (13. Be3 Rc8 14. Ne5 Bb7 15. h3 g6 $132 {0-1 Arizmendi
Martinez,J-Anand,V/Rapidplay, Villarrobledo ESP 1998 (40)}) 13... Rc8 14. Qd2 (
14. Rc1 $1 Nd5 15. Ne4 Bxg5 (15... h6 16. Bxe7 Qxe7 17. Bb3 Rfd8 $132 {0-1
Berg,K-Adianto,U/Gausdal Arnold Cup 1992/TD 92\08 (36)}) 16. Nfxg5 (16. Nexg5
h6 17. Ne4 $132) 16... h6 17. Nf3 Qe7 $11 {1/2-1/2 Balashov,Y-Huebner,R/
Tilburg 1977/MCL 04/[Ftacnik] (23)}) 14... Nd5 (14... Na5 15. Rad1 $1 (15. Ne5
Nd7 $10) (15. Qf4 g6 16. Qh4 (16. Bh6 Nh5 17. Qg4 Ng7 18. Rac1 Bb7 $132 {
1/2-1/2 Rechmann,P-Gueroff,E/BL2-W 1989/BL2 (23)}) 16... Bb7 17. Be4 h5 18.
Bxb7 Nxb7 19. d5 Nxd5 20. Rad1 Bxg5 21. Nxg5 Nd6 22. Nxd5 Nf5 23. Qf4 exd5 $44
{1/2-1/2 Yurtaev,L-Galkin,A/Tomsk 1997/CBM 61 (31)}) (15. b3 h6 16. Bh4 Qc7 $15
) 15... Nc4 16. Qc1 Qc7 (16... Nxa3 $2 17. bxa3 Rxc3 18. Bxf6 Bxf6 19. Bxh7+
$18) (16... Bb7 17. Ne5 (17. d5 $2 exd5 $1 (17... Bxd5 $2 18. Nxd5 (18. Qf4
Nxb2 19. Qh4 h6 $19) 18... exd5 19. Nd4 Re8 20. Nf5 Rc7 21. Rxe7 Rcxe7 22. Bxf6
$1 (22. Nxg7 Re1+ $8 (22... Kxg7 23. Bxf6+ Kxf6 24. Qh6+ Ke5 25. f4#) 23. Rxe1
Rxe1+ 24. Qxe1 Kxg7 25. Qc3 Qe7 26. h3 $16) 22... gxf6 23. g3 $1 $18) 18. Qf4
Nxb2 $19) 17... h6 18. Bf4 $132) 17. d5 $1 (17. Bd3 Bb7 18. Nb5 Qd7 19. Bxc4
Bxf3 20. gxf3 a6 21. d5 exd5 22. Bxf6 (22. Qe3 Rfe8 23. Qxb6 Rxc4 24. Qxa6 Rg4+
25. fxg4 Qxg4+ 26. Kf1 Qh3+ 27. Kg1 (27. Ke2 Bb4+ 28. Be3 Rxe3+ 29. fxe3 Qg2+
30. Kd3 Qe4+ 31. Ke2 Qg2+ $11) 27... Qg4+ $11) 22... Bxf6 23. Rxd5 Qxd5 24.
Bxd5 Rxc1 25. Rxc1 axb5 26. Rc2 $11) 17... Nxb2 $1 (17... Nxa3 $2 18. Bf4 $1
Qb7 (18... Qc5 19. d6 Bd8 20. d7 $18) 19. bxa3 Rxc3 20. Bxh7+ $18) 18. d6 $5
Qxc3 (18... Bxd6 19. Bxf6 gxf6 20. Qh6 f5 21. Ng5 $18 Bxh2+ 22. Kh1 f6 23. Nxe6
Nxd1 $3 24. Nxd1 (24. Nxc7 Nxf2+ 25. Kxh2 Ng4+ $19) 24... Bf4 25. Qxf8+ Rxf8
26. Nxc7 Bxc7 27. Re7 Bd6 28. Rd7 Bc5 $17) 19. dxe7 Nxd1 $17 {1/2-1/2 Novik,
M-Vasiukov,E/Leningrad 1991/Inf 52/[Novik,M] (34)}) (14... Bc4 $5 15. Qf4 Bd5
16. Qh4 g6 $8 17. Nxd5 Nxd5 (17... exd5 $4 18. Rxe7) 18. Rad1 $132 {1-0 Sturua,
Z-Kutirov,R/Erevan olm 1996/EXT 96ch2/[Makarichev] (27)}) 15. Rad1 $2 $15 (15.
Nxd5 $1 exd5 $14 (15... Qxd5 16. Be4 (16. h4 Bxg5 17. hxg5 Ne7 18. Be4 Qd6 $132
{1-0 Novikov,I-Podgaets,M/MK Cafe Cup, Koszalin POL 1998 (24)}) (16. Bxe7 Nxe7
$132 {1/2-1/2 Valkesalmi,K-Ostenstad,B/Torshavn Nordic-ch 1987/EXT 87ch (19)})
16... Qd8 17. d5 (17. Qf4 $5 f6 $1 (17... h6 18. Bxh6 $1 $16) (17... Nxd4 $4
18. Bxh7+ $1 Kxh7 19. Qh4+ $18) (17... Bxg5 18. Nxg5 (18. Bxh7+ Kxh7 19. Nxg5+
Kg8 20. Qh4 Bd3 $1 21. Re3 Qxd4 $10) 18... h6 19. Bh7+ Kh8 20. Nxf7+ Rxf7 21.
Qxf7 Kxh7 22. Rxe6 Nxd4 23. Re7 $16) 18. Qh4 g6 19. Qh3 Bc4 20. Be3 Qd7 $11)
17... exd5 18. Bxd5 Bxg5 $11 {1/2-1/2 Ochsner,T-Danielsen,H/Denmark 1998 (22)})
) (15. Ne4 $2 Bxg5 16. Nfxg5 Nxd4 $17) 15... Bxg5 16. Nxg5 h6 (16... g6 17.
Nxd5 Qxd5 18. Be4 Qd6 19. d5 Rfd8 20. Qe3 Ne5 21. Qh3 h5 22. Qg3 $16) 17. Nf3
Nxc3 18. bxc3 (18. Qxc3 Ne7 19. Qd2 Bb7 20. Ne5 Qd6 21. Qd3 Nf5 22. g4 Qd5 23.
f3 Qxd4+ 24. Qxd4 Nxd4 25. Rxd4 Rxc2 26. Rd7 Bd5 $17) 18... Qd6 19. Qe3 $2 $17
(19. Ra1 $5 Ne7 20. Bb3 $15) 19... Ne7 20. Qe4 (20. Be4 Nd5 21. Bxd5 Qxd5 $17)
20... g6 21. Qh4 Kg7 22. d5 $5 (22. Nd2 Nd5 (22... Qxa3 23. Ne4 Nd5 24. Ra1 Qb2
25. Rxa6 Qxc2 26. Rxa7 Nxc3 $17) 23. Ne4 Qf4 24. Qxf4 Nxf4 25. Re3 Nd5 26. Rg3
f5 $19) 22... Nxd5 (22... Rc4 23. dxe6 Qxd1 24. Rxd1 Rxh4 25. Nxh4 Rc8 26. Rd7
Rxc3 27. Rxe7 Rxc2 28. Rxf7+ Kg8 29. f4 $18) 23. Qd4+ Kh7 24. Ne5 Qc7 25. Qg4
Nf6 $4 $18 (25... Rg8 $1 26. Qf3 (26. Nxf7 Qxf7 27. Rxe6 Nf6 $19) (26. h4 Qxc3
27. Bb1 f5 28. Qa4 Bb7 29. Qxa7 Rg7 $19) 26... Kg7 27. Bb3 Bb7 (27... Nf6 28.
Nxf7 $132) 28. c4 Nf6 29. Qc3 Rgd8 $17) 26. Bxg6+ fxg6 (26... Kg7 27. Qg3 Kh8 (
27... fxg6 28. Qxg6+ Kh8 29. Rd7 $18) 28. Bb1 Bb5 29. Qh4 Kg7 30. Re3 $18) (
26... Kh8 27. Qf4 Kg7 28. Qg3 $1 $18 (28. Bb1 Rfd8 29. Qg3+ (29. Rc1 Nd5 30.
Qg4+ Kf8 $132) 29... Kf8)) 27. Qxg6+ Kh8 28. Rd7 Nxd7 29. Qxh6+ Kg8 30. Qxe6+
Kh8 (30... Kg7 31. Qg4+ Kh8 (31... Kh7 32. Re3 Qxc3 33. Qxd7+ Kh8 34. Qh3+ Kg8
35. Rxc3 $18) 32. Ng6+ Kh7 33. Re7+ $18) 31. Qh3+ Kg8 32. Qg4+ Kh8 33. Ng6+ Kh7
34. Re7+ Kh6 35. Nxf8 1-0

[Event "RUS-Cup4"]
[Site "Perm"]
[Date "1997.??.??"]
[Round "4"]
[White "Brodsky, Michail"]
[Black "Kobelev, Andrei"]
[Result "1-0"]
[WhiteElo "2515"]
[BlackElo "2375"]
[Annotator "Tsesarsky,I"]
[PlyCount "37"]
[EventDate "1997.02.02"]
[EventType "swiss"]
[EventRounds "9"]
[EventCountry "RUS"]
[SourceTitle "CBM 058"]
[Source "ChessBase"]
[SourceDate "1997.06.01"]
[SourceVersion "1"]
[SourceVersionDate "1997.06.01"]
[SourceQuality "1"]

1. e4 c6 2. d4 d5 3. exd5 cxd5 4. c4 Nf6 5. Nc3 e6 6. Nf3 Nc6 7. cxd5 Nxd5 8.
Bd3 Be7 9. O-O O-O 10. Re1 b6 $4 (10... Nf6) 11. Nxd5 Qxd5 (11... exd5 12.
Bxh7+ $1 $18 Kxh7 13. Qc2+ g6 (13... Kg8 14. Qxc6 Bf5 (14... Be6 15. Bf4 Qc8 (
15... Rc8 16. Qa4 $18 {1-0 Wiegner,D-Colosimo,V/Berliner Sommer 1994 (47)}) 16.
Qa4 Qb7 17. Ne5 Rfe8 18. Rac1 $18 {Krutti,V-Collas,D/Budapest FS09 IM-A 1993/1/
2-1/2 (59)}) 15. Bf4 Be4 16. Rac1 $6 {1-0 Biebinger,G-Junge,R/BL 1989 (35)} (
16. Nd2 $18)) 14. Qxc6 Bf5 15. Bd2 Rc8 16. Qb5 {1-0 Howell,J-Wians,C/Oakham
1988 (43)} (16. Qa4 $18)) 12. Be4 Qd6 13. Ne5 $1 (13. Qc2 $6 Bb7 14. Bxh7+ Kh8
15. Be4 Bf6 (15... Rac8 16. Qe2 f5 $2 17. Bxc6 Bxc6 18. Qxe6 Bxf3 19. Qxe7 Qxe7
20. Rxe7 $18 {1-0 Passerotti,P-Coppini,G/Reggio Emilia 1981 (25)}) 16. Qe2 $4 (
16. Qd1 Rad8 17. Bg5 $18) 16... Nxd4 $1 17. Nxd4 Bxe4 18. Nxe6 Qxe6 19. Qxe4
Qxe4 20. Rxe4 Rfd8 $44 {1-0 Hebden,M-Einarsson,A/London Lloyds 1987 (52)})
13... Bb7 (13... Nxe5 14. Bxa8 $18 {1-0 Gaponenko,I-Tsiganova,M/Kishinev ztW
1995 (22)}) 14. Bf4 $1 Bf6 (14... Rfe8 15. Bxh7+ (15. Qg4 f5 16. Qh5 g6 17.
Nxg6 Qxd4 18. Ne5 Nxe5 19. Bxe5 Qxe5 20. Bxb7 Qxb2 21. Bxa8 $18) 15... Kxh7 16.
Qh5+ Kg8 17. Qxf7+ Kh7 18. Qh5+ {1-0 Osieka,U-Stenzel,T/RLPF-ch Heimbach\W
1987 (23)} (18. Bh6 $18) (18. Re3 $18)) 15. Ng6 $1 (15. Qh5 h6 (15... g6 16.
Qh6 (16. Nxg6 fxg6 17. Bxd6 gxh5 18. Bxf8 Rxf8 19. Bxc6 Bxc6 20. Rxe6 $13)
16... Bxe5 17. dxe5 Qb4 18. Bg5 Rfc8 19. Rad1 Rc7 20. Bf6 Qf8 21. Qf4 $16) 16.
Bxh6 Bxe5 17. Bxg7 Bxh2+ 18. Kh1 f5 19. Qh8+ Kf7 20. Qh7 $18) 15... Qxd4 16.
Nxf8 Kxf8 17. Qxd4 Bxd4 18. Rad1 Rd8 19. Bxc6 1-0

[Event "Elgoibar 12th"]
[Site "Elgoibar"]
[Date "2002.12.19"]
[Round "8"]
[White "Baron Rodriguez, Jesus"]
[Black "Gomez Esteban, Juan Mario"]
[Result "1-0"]
[WhiteElo "2412"]
[BlackElo "2476"]
[Annotator "Tsesarsky,I"]
[PlyCount "53"]
[EventDate "2002.12.12"]
[EventType "tourn"]
[EventRounds "9"]
[EventCountry "ESP"]
[EventCategory "9"]
[SourceTitle "CBM 093"]
[Source "ChessBase"]
[SourceDate "2003.04.01"]
[SourceVersion "1"]
[SourceVersionDate "2003.04.01"]
[SourceQuality "1"]

1. e4 c6 2. d4 d5 3. exd5 cxd5 4. c4 Nf6 5. Nc3 e6 6. Nf3 Be7 7. cxd5 Nxd5 8.
Bd3 Nc6 9. O-O O-O 10. Re1 Nf6 11. a3 b6 12. Bc2 Ba6 13. Bg5 Rc8 14. Qd2 Qc7 (
14... Qd6 15. Rad1 Rfd8 16. Bb1 Qb8 17. Qc2 g6 18. Ba2 h6 19. Bxe6 $1 {see
commentariesto the game  1-0 Tal,M-Chikovani,I/Gori 1968/MCL [Belov,I](23)}) (
14... Bc4 15. Qf4 Bd5 16. Qh4 g6 17. Nxd5 Nxd5 18. Rad1 Qd6 19. Bb3 {-see
coomented game 1-0 Sturua,Z-Kutirov,R/Yerevan 1996/EXT 97[ (27)}) 15. Rad1 Rfd8
16. h3 (16. Qe3 Bc4 (16... g6 17. h3 Bc4 18. Ba4 Nh5 19. Bxc6 Bxg5 20. Qxg5
Qxc6 21. Ne5 Qe8 22. Ne4 $14 {1-0 Cvitan,O-Zhukova,N/St Vincent 2002/CBM 86
ext (37)}) 17. Ne5 (17. Bf4 Bd6 $132) (17. h3 $5 $132) 17... Nxe5 18. dxe5 Nd5
19. Nxd5 (19. Qh3 $2 Bxg5 20. Qxh7+ Kf8 21. Qh8+ Ke7 22. Qxg7 Rg8 $19) 19...
Bxd5 20. Bd3 Bxg5 21. Qxg5 h6 $11 {1/2-1/2 March Morla,X-Cisneros Alomar,J/
Palma de Mallorca 2002/EXT 2003 (23)}) 16... Na5 $2 {[%csl Ge5] This move
looks like serious mistake, Black yields central square e5.} ({Why not} 16...
Bc4 $1 $132 {[%csl Rd5][%cal Gc4d5]}) 17. Ne5 Nc4 18. Qf4 {[%csl Rb2,Rg8]
White sacrifices Pb2 and his queenside becomes ruin. White receives strong
Attack instead.} (18. Nxc4 $2 Bxc4 $15) 18... Nxb2 ({Possibly was position
simplifying by} 18... Nxe5 19. dxe5 Nd5 20. Nxd5 Rxd5 21. Rxd5 Bxg5 22. Qxg5
exd5 23. Bf5 $16) 19. Rc1 $1 h6 $2 $18 {Loses by force!} ({In case of} 19...
Qxc3 20. Bxh7+ {White wins:} Kxh7 21. Rxc3 Rxc3 22. Nxf7 Nd3 23. Qh4+ Kg8 24.
Nh6+ (24. Nxd8 Nxe1 25. Nxe6 Rxa3 $17) 24... Kf8 (24... gxh6 25. Bxf6 Bxf6 26.
Qxf6 Nxe1 27. Qxd8+ $16 {[%csl Rg8]}) 25. Rxe6 $18 {[%csl Rf8][%cal Gh6f5]}) ({
The only opportunity for resistance was} 19... Nc4 $1 20. Ne4 Nxe5 21. Nxf6+
gxf6 22. Bxh7+ Kxh7 23. Rxc7 Ng6 24. Rxe7 Nxf4 25. Bxf4 Kg6 26. Rxa7 $16) 20.
Bxh6 $1 {Obvious and strong.} Qxc3 (20... gxh6 21. Ne4 $18 {[%csl Rf6,Rf7]})
21. Bxg7 $1 Kxg7 (21... Rxd4 22. Qh6 $18) (21... Qxe1+ 22. Rxe1 Kxg7 23. Qg5+
Kf8 24. Qh6+ Kg8 25. Re3 $18) 22. Qg5+ Kf8 23. Qh6+ Kg8 (23... Ke8 24. Qh8+ $18
) 24. Bg6 Rf8 (24... Qxe1+ 25. Rxe1 Rf8 26. Re4 $1 $18) 25. Rxc3 Rxc3 26. Re4
Bd3 27. Rh4 1-0

[Event "RUS-ch"]
[Site "Krasnodar"]
[Date "2002.09.03"]
[Round "8"]
[White "Timofeev, Artyom"]
[Black "Alavkin, Arseny Nailievich"]
[Result "1-0"]
[WhiteElo "2558"]
[BlackElo "2498"]
[Annotator "Tsesarsky,I"]
[PlyCount "97"]
[EventDate "2002.08.27"]
[EventType "swiss"]
[EventRounds "9"]
[EventCountry "RUS"]
[SourceTitle "CBM 091"]
[Source "ChessBase"]
[SourceDate "2002.11.12"]
[SourceVersion "1"]
[SourceVersionDate "2002.11.12"]
[SourceQuality "1"]

1. c4 c6 2. e4 d5 3. exd5 cxd5 4. cxd5 Nf6 5. Nc3 Nxd5 6. Nf3 e6 7. d4 Be7 8.
Bd3 Nc6 9. O-O O-O 10. Re1 Nf6 11. Bg5 Nd5 {It is vary strange, but this move
is novelty. Perhaps nobody want to go back to d5, because White is not obliged
to play Bg5-c1.} ({Mainlines are:} 11... b6) (11... Nb4) 12. h4 {Much more
agressive, but not better than} (12. Bxe7 Ncxe7 13. Qc2 (13. Ne5 Nf6 14. Rc1
Bd7 $132) 13... Nf6 14. Rad1 Bd7 15. Ng5 h6 16. Nh7 Nxh7 17. Bxh7+ Kh8 18. Be4
Bc6 19. Bxc6 Nxc6 20. d5 exd5 21. Nxd5 Qg5 $11) 12... h6 13. Bxe7 Ncxe7 14. Rc1
b6 15. Ne5 Bb7 16. Qf3 {Position is equal} Rc8 $2 $16 ({Was at least 2 ways to
equalize:} 16... Nxc3 17. Qxb7 Nxa2 (17... Ncd5 $11) 18. Rc7 Rb8 19. Qxa7 Ra8
20. Qb7 Rb8 $11) (16... f6 17. Ng6 Nxg6 18. Bxg6 Rc8 19. Be4 (19. Rxe6 Nxc3 $19
) 19... f5 20. Bxd5 Bxd5 21. Nxd5 Qxd5 22. Qxd5 exd5 $11) 17. Qe4 Nf5 (17... g6
18. h5 $16) 18. g4 Nxc3 ({Badly is} 18... Rb8 $2 {[%csl Re4][%cal Gb7e4] with
idea to protect Bb7.} 19. gxf5 Nxc3 20. Qg4 Nxa2 (20... Qd5 21. Kh2 exf5 22.
Bxf5 Nxa2 23. Rg1 $18 {[%csl Ge5,Gf5,Gg1,Gg4,Rg8][%cal Gg1g8]}) (20... h5 21.
Qxh5 Qd5 22. f3 Qxd4+ 23. Kh1 $18) 21. fxe6 f5 (21... Nxc1 22. exf7+ Rxf7 23.
Nxf7 Qf6 (23... Kxf7 24. Qe6+ Kf8 25. Bc4 $18) 24. Bc4 $18) 22. e7 $3 {
Destroying communication between Qd8 and Bb7.} fxg4 (22... Qxe7 23. Bc4+ $18)
23. exd8=Q Rbxd8 24. Rc7 (24. Bc4+ Bd5) 24... Bd5 25. Ng6 Nb4 26. Ree7 Rf7 27.
Rcd7 $1 Rb8 (27... Rc8 28. Rxf7 Bxf7 29. Ne7+ Kf8 30. Nxc8 Nxd3 31. Rxa7 $18)
28. Be4 Bb3 29. Rxa7 Rxe7 30. Nxe7+ Kf8 31. d5 Rd8 32. Nc6 Re8 33. Bg6 Re1+ 34.
Kh2 Rh1+ 35. Kxh1 Bxd5+ 36. Kh2 Nxc6 37. Rb7 $18 {[%csl Rb6]}) 19. Qxb7 Nd6 20.
Qxa7 Ra8 ({Or} 20... Rc7 21. Qa3 (21. Qxb6 Ne2+ $3 $19) 21... Nd5 22. Rxc7 Qxc7
23. Bb1 f6 24. Ng6 Re8 25. Qg3 $16) 21. Qd7 Nd5 ({In case of} 21... Nxa2 22.
Rc6 Nc8 23. d5 $1 {White keeps his advantage.} Qxd7 (23... exd5 24. Qf5 $18)
24. Nxd7 Nb4 25. Nxf8 (25. Bh7+ Kxh7 26. Nxf8+ Kg8 27. Nd7 Nxc6 28. dxc6 Ne7
$132) 25... Nxd3 26. Re3 Nb4 27. Rc4 Nxd5 28. Ra3 Rxa3 29. bxa3 Nd6 30. Rc6
Kxf8 31. Rxd6 $16) 22. Qxd8 $6 $14 ({Stronger was} 22. Rc6 $1 Nc8 23. Qxd8 Rxd8
24. a3 $16 {Compare this position with position from the game: Nf4 is much
more active than on b8.}) 22... Rfxd8 23. a3 Nf4 24. Bf1 Ra4 ({Worth of
attention} 24... g5 $5 $14) 25. Nc6 Rd7 26. Rc3 (26. g5 $5 $14) 26... Nd5 $6 (
26... Kf8 $142 27. Rf3 g5 28. hxg5 hxg5 29. Re5 f6 (29... Rc7 30. Rxg5 Rxc6 31.
Rxf4 Rc2 32. Re5 {[%csl Re6]} Ke7 33. Re2 Rxe2 (33... Rcc4 34. Rd2 $16) 34.
Bxe2 e5 35. b3 Rxd4 36. Rxd4 exd4 37. Bd3 $16) 30. Rxe6 $5 (30. Rxf4 gxf4 31.
Rxe6 Kf7 32. Re1 f3 33. Bd3 $14) 30... Nxe6 31. Rxf6+ Nf7 32. Rxe6 Nd8 33. Rf6+
Kg7 34. Ne5 Kxf6 35. Nxd7+ Ke7 36. Nxb6 Rxd4 37. f3 $14) (26... g5 $5 $14) 27.
Rcc1 b5 $6 $16 {[%csl Rc5]} (27... Nf4 $5) 28. Bg2 (28. Rc5 $16) 28... Nf4 29.
Rcd1 {[%cal Gd4d5]} Rc7 (29... g5 30. hxg5 hxg5 31. Nb4 (31. d5 Nxg2 32. Kxg2
Rxg4+ $132) 31... f6 32. d5 e5 33. Be4 Kf7 34. f3 Rc7 35. Kf2 Ra8 36. Rh1 $16)
30. Nb4 Kh7 ({Or} 30... Nc4 31. Rc1 Rxb4 (31... Raa7 32. Rc2 Nd6 33. Rc5 $16)
32. axb4 Nd3 33. d5 Nxe1 34. Rxe1 exd5 35. Re8+ Kh7 36. Bxd5 Nd6 (36... Nxb2
37. Rb8 Na4 38. Be4+ g6 39. Rxb5 Nc3 40. Rb7 $16) 37. Rd8 $16) 31. d5 {Whites
gets rid of isolated central P and leaves with advantage of whole P over.} exd5
32. Bxd5 Raa7 (32... Ra5 33. h5 $16) 33. Rd4 g5 34. hxg5 hxg5 35. Nd3 Ra4 (
35... Nxd3 36. Rxd3 Rc2 37. Re5 $16) 36. b4 Nxd3 37. Rxd3 Nc4 38. Rc1 Rca7 (
38... Kg7 39. Rdc3 $16) 39. Be4+ Kg7 40. Rd5 {[%csl Rb5,Rg5]} Nxa3 $2 $18 {
Badly! Black K became vulnerable and White has enough forces to arrange
decisive Attack.} ({Much better was} 40... f6 41. Kg2 (41. Bc2 $2 Rxa3 42. Rxb5
Rc3 43. Rc5 $1 Rb7 (43... Ra2 44. Rc7+ Kf8 45. Rd1 $18) 44. b5 Kf8 $44) 41...
Rxa3 42. Rh1 $16 {[%csl Rg7]}) 41. Rxg5+ {[%csl Rg7]} Kf6 42. f4 $1 Rxb4 43.
Rc6+ Ke7 44. Re5+ Kf8 45. f5 Rc4 (45... Nc4 46. f6 Ra8 47. Rh5 Kg8 48. Rcc5 {
[%cal Gc5g5]} Ra1+ 49. Kh2 Rb2+ 50. Bg2 $18 {[%csl Rg8]}) 46. Rh6 Rc1+ 47. Kh2
Nc4 48. f6 $1 Ra2+ 49. Bg2 1-0